000
00288nam a22001337a 4500
008
181224b xxu||||| |||| 00| 0 eng d
020
_a
9780875846552
041
_a
eng
080
_a
338
100
_a
55
101
_a
MAN
245
_a
Working Knowledge
_c
Thomas.H.D
942
_2
udc
_c
BK
999
_c
53736
_d
53736